000 00499nam a2200181Ia 4500
005 20250326130353.0
008 250326s9999 xx 000 0 und d
037 _aTextbook
040 _aFMSL
_beng
_cFMSL
041 _aeng
_2eng
084 _aT48 K7
_qFMSL
100 _aHolmes W R
_9740477
245 0 _aResearch faculities in Delhi
_cHolmes W R
260 _aNew Delhi
_bNew Delhi, Kwality Bookseller
_c1967
300 _a116p
942 _cTB
_hT48 K7
999 _c1282186
_d1282186